000 00406nam a2200157Ia 4500
003 OSt
005 20230526143531.0
008 211028s2017 xx 000 0 und d
040 _cAIMIT LIBRARY
041 _aeng
100 _aShaikh, Mohammed Nueed; Santhosh, B.
_98742
_e151937
110 _aSanthosh B
_98743
245 _aTraining management system.
260 _aMangalore
_c2017
942 _2ddc
_cPRO
999 _c220040
_d220040